000 00316nam a22001337a 4500
008 181101b xxu||||| |||| 00| 0 eng d
020 _a9780781721707
041 _aeng
080 _26 TH
_a615.5
100 _a7
101 _aDER
245 _aManual Of Dermatologic Therapeutics
_cBovers.K.E
942 _2udc
_cBK
999 _c51384
_d51384